Notas sobre instituciones barcelonesas del siglo XIX / por Pedro Voltes Bou
Descripción Física:
211 p. : il. ; 23'5 cm
Colección:
Documentos y Estudios ; 21
MARC
| LEADER | 00000nam a2200000Ia 4500 | ||
|---|---|---|---|
| 001 | 1818 | ||
| 003 | BGR | ||
| 005 | 20260324175412.0 | ||
| 008 | 160829s1976 xx 000 0 cat d | ||
| 080 | |a H-1-105 | ||
| 100 | 1 | |a Voltes Bou, Pere, |d 1926-2009 |9 22645 | |
| 245 | |a Notas sobre instituciones barcelonesas del siglo XIX / por Pedro Voltes Bou | ||
| 260 | |a Barcelona : |b Instituto Municipal de Historia, |c 1976 | ||
| 300 | |a 211 p. : |b il. ; |c 23'5 cm | ||
| 490 | |a Documentos y Estudios ; 21 | ||
| 590 | |a A la part sup. de la portada: Ayuntamiento de Barcelona. | ||
| 610 | 1 | 0 | |a Barcelona (Catalunya : Província). |b Diputació |9 52408 |
| 650 | |a Associacions, institucions, etc. |x Barcelona |x S. XIX |9 31795 | ||
| 650 | |a Barcelona |x Història |x S. XIX |9 31462 | ||
| 650 | |a Vanguardia |x Història |x 1881/1891 |9 31797 | ||
| 710 | 1 | |a Institut Municipal d'Història (Barcelona) |9 70960 | |
| 901 | |a Arxiu | ||
| 942 | |n 1 |2 udc |c MON | ||
| 952 | |0 0 |1 0 |4 0 |6 H1105 |7 1 |9 45759 |a Arxiu |b Arxiu |d 2016-12-01 |l 0 |o H-1-105 |p 1818 |r 2016-12-01 00:00:00 |w 2016-12-01 |y ARXIU | ||
| 999 | |c 49259 |d 49259 | ||